000
00205 a2200109 4500
020
_a
653855038904
041
_a
eng
100
_a
Delta
245
_a
Science Dictonary level 2
942
_c
BK
952
_7
1
999
_c
22890
_d
22890